000 00339cam a22001097a 4500
008 180718b-- xxu||||| |||| 00| 0 eng d
082 _aB71103x5433 A
100 _aPunjab. Legislative Department
245 _aThe Punjab gram panchayat act, 1952 (Punjab act no. IV of 1953
260 _aChandigarh
_bThe author
_c--
500 _aLibrary has 1960
999 _c488644
_d488644